• 首页
  • 本馆介绍
  • 公告通知
  • 最新文献
  • 馆藏检索
  • 电子资源
  • 读者导购
  • 参考咨询
  • 我的图书馆
  • 登录
  • 详细信息显示
  • 放入我的书架
  • 预约/预借图书
  • 作者相关作品
  • 分类相关作品
  • 丛书相关作品
  • 出版社相关作品

书目信息

  • 表格格式
  • 工作单格式
  • 卡片格式
题名:
应用光学
    
 
作者: 陈祯培 , 周焜 , 李继陶 编
分册:  
出版信息: 成都   四川大学出版社  1995
页数: 304页
开本: 26cm
丛书名:
单 册:
中图分类: O434.19
科图分类:
主题词: 光学
电子资源:
ISBN: 7-5614-1186-3
000 00606nam0 2200205 450
001 0735592734
005 20070906095312.73
010    @a7-5614-1186-3@d¥21.60
100    @a20070906d km y0chiy0120 ea
101 0  @achi
200 1  @a应用光学@Aying yong guang xue@f周焜,李继陶,陈祯培编@Fzhou kun,li ji tao,chen zhen pei bian
210    @a成都@c四川大学出版社@d1995
215    @a304页@d26cm
606 0  @a光学
690    @aO434.19@v3
701  0 @a陈祯培@Achen zhen pei@4编
701  0 @a周焜@Azhou kun@4编
701  0 @a李继陶@Ali ji tao@4编
801  0 @aCN@bPFT@c20070906
905    @a213230@dO434.19@eP10@f1
    
    应用光学/周焜,李继陶,陈祯培编.-成都:四川大学出版社,1995
    304页;26cm
    
    
    ISBN 7-5614-1186-3:¥21.60
    
●
相关链接 在E读中查询图书 在五车中查询图书 在当当中查询图书 在豆瓣中查询图书


正题名:应用光学     索取号:O434.19/P10         预约/预借

序号 登录号 条形码 馆藏地/架位号 状态 备注
1 7200447   272004476   密集书库-物理学院/ [索取号:O434.19/P10] 在馆    
2 7200448   272004485   密集书库-物理学院/ [索取号:O434.19/P10] 在馆    
唐山师范学院图书馆 欢迎您!
大连网信软件有限公司© 版权所有